Pedagogías del siglo XX
Gorde:
| Formatua: | Liburua |
|---|---|
| Hizkuntza: | gaztelania |
| Argitaratua: |
Barcelona
Cisspraxis
2000
|
| Edizioa: | 1a. ed |
| Saila: | Cuadernos de Pedagogía
|
| Gaiak: | |
| Etiketak: |
Etiketa erantsi
Etiketarik gabe, Izan zaitez lehena erregistro honi etiketa jartzen!
|
MARC
| LEADER | 00000nam a2200000 a 4500 | ||
|---|---|---|---|
| 001 | UCJ9730 | ||
| 003 | CL-VaPUC | ||
| 008 | 070405e20000000SP |||||||||||||||||spa|d | ||
| 020 | |a 847197648X | ||
| 082 | 0 | 4 | |a 370.1 |b PED |2 21 |
| 245 | 1 | 0 | |a Pedagogías del siglo XX |
| 250 | |a 1a. ed | ||
| 300 | |a 159 p | ||
| 942 | |c BK | ||
| 945 | |d 20070405 00:00:00 |a cmena | ||
| 260 | |a Barcelona |b Cisspraxis |c 2000 | ||
| 650 | 0 | |a Filosofía de la educación |9 258384 | |
| 650 | 0 | |a Métodos de enseñanza |9 270413 | |
| 650 | 0 | |a Sociología de la educación |9 260380 | |
| 583 | |a last modification |c 20070405 00:00:00 |k Rodrigo Vera | ||
| 490 | 0 | |a Cuadernos de Pedagogía | |
| 999 | |c 325141 |d 325139 | ||
| 952 | |0 0 |1 0 |4 0 |6 370_100000000000000_PED_2000 |7 0 |8 A |9 405741 |a BIBEDU |b BIBEDU |d 2019-11-22 |i 4327608 |o 370.1 PED 2000 |p 4327608 |r 2019-11-22 |w 2019-11-22 |y BK |k EDU | ||